[Event "1. Bundesliga 2014/2015"]
[Site "Feffernitz, St. Veit/Glan, Mayrhofen"]
[Date "2015.03.20"]
[Round "10"]
[Board "2"]
[White "Atlas, Valery"]
[Black "Predojevic, Borki"]
[Result "0-1"]
[WhiteElo "2433"]
[BlackElo "2618"]
[PlyCount "134"]
[EventDate "2014.11.20"]
[EventType "team"]
[EventRounds "11"]
[EventCountry "AUT"]
[WhiteTeam "SK Hohenems"]
[BlackTeam "Schachclub MPOE Maria Saal"]

1.e4 g6 2.d4 Bg7 3.Nc3 d6 4.g3 Nf6 5.Bg2 O-O 6.Nge2 Nbd7 7.O-O c5 8.a4 Rb8 9.Re1 b6
10.h3 a6 11.Nd5 Bb7 12.c4 cxd4 13.Nxf6+ Nxf6 14.Nxd4 e6 15.b3 d5 16.exd5 exd5 17.Ba3
Re8 18.Rxe8+ Qxe8 19.Rc1 Qd7 20.Ne2 dxc4 21.Qxd7 Nxd7 22.Bxb7 Rxb7 23.Rxc4 h5 24.Rc8+
Kh7 25.Bd6 Nc5 26.Rc7 Rxc7 27.Bxc7 b5 28.axb5 axb5 29.b4 Ne4 30.Kg2 Nc3 31.Kf3 Nxe2
32.Kxe2 Bf8 33.Ba5 Kg7 34.Kd3 Kf6 35.Kd4 Ke6 36.g4 Be7 37.f3 Bd6 38.Ke4 f6 39.Kd4
f5 40.gxh5 gxh5 41.Bd8 Bxb4 42.Bg5 Kd6 43.Bf4+ Kc6 44.Bc1 Bd6 45.Bd2 Bc7 46.Bc1 Bg3
47.Ba3 Bf4 48.Bb4 Bc7 49.Bd2 Kd6 50.Bf4+ Kd7 51.Bc1 Kc6 52.Bd2 Bh2 53.Bb4 Bg3 54.Ba3
Bf2+ 55.Ke5 Bc5 56.Bc1 b4 57.f4 b3 58.Bb2 Be3 59.Ba3 Bd2 60.Bb2 Kc5 61.Kxf5 Kd5 62.Ba3
Kd4 63.Kg5 Kd3 64.Kxh5 Bxf4 65.Kg4 Bd6 66.Bb2 Kc2 67.Bf6 Bb4 0-1

[Event "1. Bundesliga 2014/2015"]
[Site "Feffernitz, St. Veit/Glan, Mayrhofen"]
[Date "2015.03.20"]
[Round "10"]
[Board "3"]
[White "Buhmann, Rainer"]
[Black "Froewis, Georg"]
[Result "1-0"]
[WhiteElo "2583"]
[BlackElo "2434"]
[PlyCount "181"]
[EventDate "2014.11.20"]
[EventType "team"]
[EventRounds "11"]
[EventCountry "AUT"]
[WhiteTeam "Schachclub MPOE Maria Saal"]
[BlackTeam "SK Hohenems"]

1.d4 d5 2.c4 e6 3.Nf3 Nf6 4.g3 dxc4 5.Bg2 Nc6 6.Qa4 Bd7 7.Qxc4 Na5 8.Qc3 c5 9.Bd2
b6 10.dxc5 Nd5 11.Qc1 Rc8 12.b4 Qf6 13.Nc3 Nxb4 14.O-O Bxc5 15.Bg5 Qf5 16.e4 Bxf2+
17.Rxf2 Qc5 18.Nd1 Qb5 19.Qb2 f6 20.a4 Qc5 21.Be3 Qe7 22.Bf1 Nc4 23.Qb3 Na5 24.Qb2
Nc4 25.Qb3 Na5 26.Qb1 O-O 27.Bd2 Nac6 28.Qb3 a5 29.Be3 Kh8 30.Nc3 f5 31.Re1 fxe4 32.Nxe4
Nd5 33.Bg5 Qb4 34.Qxb4 Ncxb4 35.Nd6 Rc3 36.Nd4 Rxf2 37.Kxf2 Bxa4 38.Rxe6 Bd7 39.Re5
h6 40.Bd2 Rd3 41.Nf7+ Kg8 42.Bxd3 Nxd3+ 43.Ke2 Nxe5 44.Nxe5 Bc8 45.Kd3 Ba6+ 46.Kc2
Kh7 47.Nf5 Nf6 48.Ne3 g5 49.Bc3 Ne4 50.Bd4 b5 51.Nc6 a4 52.Kd3 Bb7 53.Kxe4 Bxc6+ 54.Kf5
b4 55.Kf6 b3 56.Bb2 Bd7 57.Kf7 Bb5 58.Nf5 Bc4+ 59.Kf6 Bb5 60.Nd4 Bd7 61.Kf7 Bg4 62.Ne6
Bh5+ 63.Kf6 Be2 64.Nf8+ Kg8 65.Nd7 Kh7 66.Ne5 Bb5 67.Kf7 Be2 68.Ba3 Bh5+ 69.Kf8 Be2
70.Kf7 Bh5+ 71.Kf6 Be2 72.Nd7 Bb5 73.Nf8+ Kg8 74.Ne6 Kh7 75.Bb2 Be2 76.Nf8+ Kg8 77.Ng6
Kh7 78.Ne7 Bb5 79.Ke6 Be2 80.Kd6 Bb5 81.Kc5 Be8 82.Kb4 Bd7 83.Ka3 Be8 84.Bc3 Bd7 85.Nd5
Kg6 86.Nb6 Bb5 87.Nxa4 Kf5 88.h3 h5 89.Nc5 Bc4 90.h4 Kg4 91.Bf6 1-0

[Event "1. Bundesliga 2014/2015"]
[Site "Feffernitz, St. Veit/Glan, Mayrhofen"]
[Date "2015.03.20"]
[Round "10"]
[Board "4"]
[White "Baldauf, Marco"]
[Black "Kreisl, Robert"]
[Result "1/2-1/2"]
[WhiteElo "2420"]
[BlackElo "2421"]
[PlyCount "65"]
[EventDate "2014.11.20"]
[EventType "team"]
[EventRounds "11"]
[EventCountry "AUT"]
[WhiteTeam "SK Hohenems"]
[BlackTeam "Schachclub MPOE Maria Saal"]

1.d4 Nf6 2.c4 g6 3.Nc3 d5 4.cxd5 Nxd5 5.e4 Nxc3 6.bxc3 Bg7 7.Be3 c5 8.Rc1 Qa5 9.Qd2
cxd4 10.cxd4 Qxd2+ 11.Bxd2 O-O 12.Nf3 Bg4 13.Be3 Nc6 14.d5 Nb4 15.a3 Na2 16.Rc7 Nc3
17.h3 Bxf3 18.gxf3 b5 19.Rxe7 Rfc8 20.Rb7 a6 21.d6 Rc6 22.Rb6 Rcc8 23.Rb7 Rc6 24.Rb6
Rcc8 25.Bg2 Na4 26.Rb7 Nc5 27.Bxc5 Rxc5 28.O-O Rd8 29.Rb6 Be5 30.Rd1 a5 31.Bf1 b4
32.axb4 axb4 33.Rxb4 1/2-1/2

[Event "1. Bundesliga 2014/2015"]
[Site "Feffernitz, St. Veit/Glan, Mayrhofen"]
[Date "2015.03.20"]
[Round "10"]
[Board "5"]
[White "Tratar, Marko"]
[Black "Kessler, Luca"]
[Result "1/2-1/2"]
[WhiteElo "2475"]
[BlackElo "2324"]
[PlyCount "97"]
[EventDate "2014.11.20"]
[EventType "team"]
[EventRounds "11"]
[EventCountry "AUT"]
[WhiteTeam "Schachclub MPOE Maria Saal"]
[BlackTeam "SK Hohenems"]

1.c4 Nf6 2.Nf3 g6 3.Nc3 Bg7 4.e4 d6 5.d4 O-O 6.Be2 e5 7.d5 a5 8.Be3 Ng4 9.Bg5 f6 10.Bh4
Nd7 11.Nd2 Nh6 12.f3 Nf7 13.Bd3 Bh6 14.Qe2 Nc5 15.Bc2 Bd7 16.Rb1 Qe8 17.Bxf6 Ng5 18.Bxg5
Bxg5 19.O-O h5 20.b3 Qf7 21.Rf2 Qg7 22.a3 Qh6 23.Nf1 Bc1 24.b4 Na6 25.Rb3 Bxa3 26.Rxa3
axb4 27.Rxa6 bxa6 28.Ba4 Qg7 29.Bxd7 Qxd7 30.Na2 a5 31.Qe3 Kh7 32.Rb2 c5 33.dxc6 Qxc6
34.Qd3 Rfb8 35.Ne3 Qc5 36.Kf2 a4 37.Qd2 b3 38.Nc1 Ra7 39.Kg3 Rab7 40.Nd5 h4+ 41.Kxh4
Qd4 42.Qg5 Qxb2 43.Ne7 Rg8 44.Nd3 Qe2 45.Nxg8 Kxg8 46.Qxg6+ Rg7 47.Qe8+ Kh7 48.Qh5+
Kg8 49.Qe8+ 1/2-1/2

[Event "1. Bundesliga 2014/2015"]
[Site "Feffernitz, St. Veit/Glan, Mayrhofen"]
[Date "2015.03.20"]
[Round "10"]
[Board "6"]
[White "Novkovic, Milan"]
[Black "Schachinger, Mario"]
[Result "1-0"]
[WhiteElo "2380"]
[BlackElo "2432"]
[PlyCount "105"]
[EventDate "2014.11.20"]
[EventType "team"]
[EventRounds "11"]
[EventCountry "AUT"]
[WhiteTeam "SK Hohenems"]
[BlackTeam "Schachclub MPOE Maria Saal"]

1.Nf3 Nf6 2.c4 g6 3.d4 Bg7 4.e3 c5 5.d5 O-O 6.Nc3 d6 7.Be2 e6 8.O-O exd5 9.cxd5 Bg4
10.Nd2 Bxe2 11.Qxe2 Na6 12.Nc4 Nb4 13.Rd1 a6 14.a3 b5 15.axb4 cxb4 16.Nxb5 axb5 17.Rxa8
Qxa8 18.Nxd6 Rd8 19.Nxb5 Rxd5 20.Nd4 Ne4 21.Qc4 Nd6 22.Qxb4 Nf5 23.Rf1 Bxd4 24.exd4
Rxd4 25.Qc3 h5 26.b3 Kh7 27.Be3 Rg4 28.f3 Nh4 29.Qf6 Qd5 30.g3 Qxb3 31.fxg4 Qxe3+
32.Qf2 Nf3+ 33.Kg2 Qxf2+ 34.Rxf2 hxg4 35.h3 f5 36.hxg4 fxg4 37.Ra2 Kh6 38.Kf2 Ng5
39.Ke3 Nh3 40.Ra5 g5 41.Ke4 Nf2+ 42.Kf5 Nh1 43.Kxg4 Nf2+ 44.Kf3 Nd3 45.Rb5 Kh5 46.Ke3
Ne1 47.Rb1 Nc2+ 48.Kd3 Kg4 49.Kxc2 Kxg3 50.Rg1+ Kf4 51.Kd2 g4 52.Ke2 g3 53.Rg2 1-0

[Event "1. Bundesliga 2014/2015"]
[Site "Feffernitz, St. Veit/Glan, Mayrhofen"]
[Date "2015.03.21"]
[Round "11"]
[Board "1"]
[White "Martinovic, Sasa"]
[Black "Haba, Petr"]
[Result "1-0"]
[WhiteElo "2520"]
[BlackElo "2512"]
[PlyCount "89"]
[EventDate "2014.11.20"]
[EventType "team"]
[EventRounds "11"]
[EventCountry "AUT"]
[WhiteTeam "SK Hohenems"]
[BlackTeam "Spk. Grieskirchen/Schallerbach"]

1.d4 d5 2.c4 c6 3.Nc3 Nf6 4.e3 e6 5.Nf3 Nbd7 6.Qc2 Bd6 7.b3 O-O 8.Be2 e5 9.cxd5 cxd5
10.Nb5 Bb4+ 11.Bd2 Bxd2+ 12.Nxd2 a6 13.dxe5 Nxe5 14.Nd4 Bg4 15.Bxg4 Nfxg4 16.O-O Rc8
17.Qd1 Nf6 18.N2f3 Nxf3+ 19.Qxf3 Rc5 20.Rfc1 Qc7 21.Qd1 Rc8 22.Ne2 Qe5 23.Rxc5 Rxc5
24.Rc1 Qc7 25.f3 h5 26.Kf2 g6 27.Rxc5 Qxc5 28.Qd4 Qxd4 29.Nxd4 Ne8 30.Kg3 Kg7 31.Kf4
Kf6 32.h4 Nd6 33.g4 hxg4 34.fxg4 Ne4 35.g5+ Ke7 36.Ke5 f6+ 37.gxf6+ Nxf6 38.Nc2 a5
39.a4 b6 40.Nd4 Ng4+ 41.Kxd5 Nxe3+ 42.Kc6 Nf5 43.Nxf5+ gxf5 44.Kd5 Kf6 45.Kd4 1-0

[Event "1. Bundesliga 2014/2015"]
[Site "Feffernitz, St. Veit/Glan, Mayrhofen"]
[Date "2015.03.21"]
[Round "11"]
[Board "2"]
[White "Kilgus, Georg"]
[Black "Froewis, Georg"]
[Result "1/2-1/2"]
[WhiteElo "2429"]
[BlackElo "2434"]
[PlyCount "75"]
[EventDate "2014.11.20"]
[EventType "team"]
[EventRounds "11"]
[EventCountry "AUT"]
[WhiteTeam "Spk. Grieskirchen/Schallerbach"]
[BlackTeam "SK Hohenems"]

1.Nf3 d5 2.g3 Bg4 3.Bg2 Nd7 4.h3 Bxf3 5.Bxf3 Ngf6 6.d4 e6 7.c4 c6 8.O-O Be7 9.Nd2
O-O 10.e4 dxe4 11.Nxe4 Nxe4 12.Bxe4 Bg5 13.f4 Bf6 14.Be3 Qc7 15.Qc2 g6 16.Rad1 Nb6
17.b3 Rad8 18.Qf2 Rd7 19.Rd2 Rfd8 20.Rfd1 Nc8 21.Bf3 Ne7 22.g4 Qa5 23.d5 cxd5 24.Bxa7
Bh4 25.Qe3 Bg3 26.Bd4 Nc6 27.cxd5 Nxd4 28.Rxd4 exd5 29.g5 Qxa2 30.Bg2 Bh4 31.f5 Bxg5
32.Qxg5 Qxb3 33.fxg6 hxg6 34.Bxd5 Qb6 35.Kg2 Kg7 36.R4d2 Qf6 37.Qxf6+ Kxf6 38.Rd3 1/2-1/2

[Event "1. Bundesliga 2014/2015"]
[Site "Feffernitz, St. Veit/Glan, Mayrhofen"]
[Date "2015.03.21"]
[Round "11"]
[Board "3"]
[White "Baldauf, Marco"]
[Black "Schwabeneder, Florian"]
[Result "1-0"]
[WhiteElo "2420"]
[BlackElo "2320"]
[PlyCount "173"]
[EventDate "2014.11.20"]
[EventType "team"]
[EventRounds "11"]
[EventCountry "AUT"]
[WhiteTeam "SK Hohenems"]
[BlackTeam "Spk. Grieskirchen/Schallerbach"]

1.Nf3 e6 2.g3 f5 3.Bg2 Nf6 4.c4 Be7 5.O-O O-O 6.d3 d6 7.Nc3 Nc6 8.Rb1 a5 9.a3 Qe8
10.b4 axb4 11.axb4 Qh5 12.b5 Nd8 13.Qb3 Nf7 14.Bb2 Ng4 15.h3 Nge5 16.Nxe5 Nxe5 17.f4
Nd7 18.e3 Nf6 19.Qc2 Qg6 20.Qf2 h5 21.Ra1 Rxa1 22.Rxa1 h4 23.Ne2 Nd7 24.Kh2 Bf6 25.Bxf6
Qxf6 26.d4 hxg3+ 27.Nxg3 e5 28.Bd5+ Kh8 29.Ra7 exd4 30.exd4 Nb6 31.Bxb7 Nxc4 32.Bg2
Qf7 33.Ne2 Be6 34.Nc3 d5 35.Na4 Rb8 36.b6 Qf6 37.bxc7 Rc8 38.Nc5 Bg8 39.Nd7 Qe7 40.Ne5
Nxe5 41.fxe5 Be6 42.Qb2 Qh4 43.Qc3 Qf4+ 44.Kh1 Kh7 45.Ra6 Bf7 46.Rb6 Qf2 47.Rb8 Be6
48.Rxc8 Bxc8 49.Qf3 Qxd4 50.Qh5+ Kg8 51.Qe8+ Kh7 52.Qxc8 Qa1+ 53.Kh2 Qxe5+ 54.Kg1
Qe1+ 55.Bf1 Qe3+ 56.Kg2 Qe4+ 57.Kf2 Qd4+ 58.Ke2 Qe4+ 59.Kd2 Qf4+ 60.Kc2 Qxf1 61.Qb7
Qc4+ 62.Kb2 Qd4+ 63.Kb3 Qc4+ 64.Ka3 Qc3+ 65.Ka4 Qc4+ 66.Ka5 Qc5+ 67.Ka6 Qd6+ 68.Ka7
Qa3+ 69.Qa6 Qe7 70.Kb8 Qe5 71.Kb7 Qe7 72.Qc6 f4 73.Ka8 Qa3+ 74.Kb8 Qb4+ 75.Qb7 Qd6
76.Ka8 Qa3+ 77.Qa7 Qf8+ 78.Kb7 Qe7 79.Kb8 Qb4+ 80.Qb7 Qd6 81.Qb1+ g6 82.Kb7 Qe7 83.h4
Kh6 84.Qc1 Kh7 85.Qxf4 Qd7 86.Qb4 d4 87.Kb8 1-0

[Event "1. Bundesliga 2014/2015"]
[Site "Feffernitz, St. Veit/Glan, Mayrhofen"]
[Date "2015.03.21"]
[Round "11"]
[Board "4"]
[White "Singer, Christoph"]
[Black "Kessler, Luca"]
[Result "1/2-1/2"]
[WhiteElo "2358"]
[BlackElo "2324"]
[PlyCount "95"]
[EventDate "2014.11.20"]
[EventType "team"]
[EventRounds "11"]
[EventCountry "AUT"]
[WhiteTeam "Spk. Grieskirchen/Schallerbach"]
[BlackTeam "SK Hohenems"]

1.e4 e5 2.Nf3 Nc6 3.Bc4 Bc5 4.c3 Nf6 5.d3 d6 6.Bb3 a6 7.O-O Ba7 8.Re1 O-O 9.h3 h6
10.Nbd2 Re8 11.Nh2 Be6 12.Qf3 Bxb3 13.axb3 a5 14.Ndf1 Qe7 15.Ng3 Qe6 16.Nf5 Ne7 17.Ng4
Nxg4 18.hxg4 f6 19.g3 Nxf5 20.gxf5 Qxb3 21.Kg2 Bb6 22.Rh1 Kf7 23.Rh4 Ke7 24.Rg4 Rg8
25.Rg6 Qc2 26.g4 Kf7 27.d4 c6 28.Be3 Qxb2 29.Qd1 Qxc3 30.dxe5 Bxe3 31.Rb1 Ra7 32.e6+
Ke7 33.fxe3 Qxe3 34.Qc2 a4 35.Rh1 a3 36.g5 Raa8 37.Rh3 Qd4 38.Rb3 Qa7 39.e5 hxg5 40.exd6+
Ke8 41.Qc3 Qa6 42.Kg3 Qa7 43.Kf3 Qa6 44.Kf2 Qa7+ 45.Kg2 Qa6 46.Kf2 Qa7+ 47.Kg2 Qa6
48.Kf2 1/2-1/2

[Event "1. Bundesliga 2014/2015"]
[Site "Feffernitz, St. Veit/Glan, Mayrhofen"]
[Date "2015.03.21"]
[Round "11"]
[Board "5"]
[White "Novkovic, Milan"]
[Black "Lentrodt, Thomas"]
[Result "1/2-1/2"]
[WhiteElo "2380"]
[BlackElo "2271"]
[PlyCount "60"]
[EventDate "2014.11.20"]
[EventType "team"]
[EventRounds "11"]
[EventCountry "AUT"]
[WhiteTeam "SK Hohenems"]
[BlackTeam "Spk. Grieskirchen/Schallerbach"]

1.d4 d5 2.Nf3 Nf6 3.e3 e6 4.c4 c6 5.Bd3 Nbd7 6.Nbd2 Bd6 7.e4 dxe4 8.Nxe4 Nxe4 9.Bxe4
e5 10.O-O exd4 11.Qxd4 Qf6 12.Bg5 Qxd4 13.Nxd4 Nc5 14.Bf5 O-O 15.Rfe1 f6 16.Be3 Re8
17.Rad1 Bf8 18.Kf1 g6 19.Bxc8 Raxc8 20.Nb3 Nxb3 21.axb3 Bb4 22.Bd2 Rxe1+ 23.Bxe1 Bxe1
24.Kxe1 Re8+ 25.Kf1 Kf7 26.Rd7+ Re7 27.Rd8 Re8 28.Rd7+ Re7 29.Rd8 Re8 30.Rd7+ Re7 1/2-1/2

[Event "1. Bundesliga 2014/2015"]
[Site "Feffernitz, St. Veit/Glan, Mayrhofen"]
[Date "2015.03.21"]
[Round "11"]
[Board "6"]
[White "Schueller, Ernst"]
[Black "Hofer, Emilian"]
[Result "1/2-1/2"]
[WhiteElo "2185"]
[BlackElo "2219"]
[PlyCount "188"]
[EventDate "2014.11.20"]
[EventType "team"]
[EventRounds "11"]
[EventCountry "AUT"]
[WhiteTeam "Spk. Grieskirchen/Schallerbach"]
[BlackTeam "SK Hohenems"]

1.e4 e5 2.Nf3 Nc6 3.Bc4 Nf6 4.Qe2 Be7 5.c3 O-O 6.O-O d6 7.a4 a6 8.d3 Be6 9.Na3 Bxc4
10.Nxc4 Re8 11.Ne3 Bf8 12.Qc2 g6 13.Qb3 Qd7 14.h3 h6 15.Nh2 Bg7 16.Neg4 Nxg4 17.Nxg4
h5 18.Ne3 Rab8 19.Nd5 Ne7 20.Nxe7+ Qxe7 21.f4 Qe6 22.Qxe6 fxe6 23.fxe5 Bxe5 24.d4
Bg7 25.Be3 Rf8 26.Rf3 Rf7 27.Kf2 Bf6 28.Ke2 Be7 29.Rxf7 Kxf7 30.Rf1+ Kg7 31.d5 exd5
32.exd5 Bf6 33.Kd3 Be5 34.b4 Re8 35.Bg5 b6 36.Rf3 Ra8 37.Kc4 Re8 38.Kd3 Rb8 39.Be3
Kg8 40.Bh6 Re8 41.g4 hxg4 42.hxg4 Kh7 43.Rh3 Kg8 44.Rf3 Kh7 45.Be3 Kg7 46.Rh3 Kg8
47.c4 Rb8 48.Rh6 Kg7 49.Rh1 Kg8 50.Bh6 Kf7 51.Bg5 Kg7 52.Kc2 Kg8 53.Bh6 Bg7 54.Bd2
Re8 55.Kd3 Rb8 56.Re1 Be5 57.Bg5 Kf7 58.Rh1 Kg7 59.Kc2 Kg8 60.Rf1 Kg7 61.b5 a5 62.Rh1
Re8 63.Kd3 Kg8 64.Bh6 Bg7 65.Bd2 Kf7 66.Rf1+ Kg8 67.Bg5 Bb2 68.Rf2 Bg7 69.Re2 Kf7
70.Rf2+ Kg8 71.Rf1 Bh8 72.Bh4 Be5 73.Rf3 Kg7 74.Be1 Bf6 75.Bf2 Be5 76.Be1 Re7 77.Bd2
Re8 78.Rh3 Kg8 79.Bh6 Re7 80.Rf3 Re8 81.Re3 Kf7 82.Rf3+ Kg8 83.Bg5 Kg7 84.Rh3 Kg8
85.Bh6 Re7 86.Rf3 Re8 87.g5 Bh8 88.Re3 Rxe3+ 89.Kxe3 Kf7 90.Ke4 Bc3 91.Kd3 Be5 92.Ke4
Bc3 93.Kd3 Be5 94.Ke4 Bc3 1/2-1/2

[Event "1. Bundesliga 2014/2015"]
[Site "Feffernitz, St. Veit/Glan, Mayrhofen"]
[Date "2015.03.21"]
[Round "11"]
[Board "1"]
[White "Votava, Jan"]
[Black "Ragger, Markus"]
[Result "0-1"]
[WhiteElo "2524"]
[BlackElo "2661"]
[PlyCount "120"]
[EventDate "2014.11.20"]
[EventType "team"]
[EventRounds "11"]
[EventCountry "AUT"]
[WhiteTeam "Mayrhofen/SK Zell/Zillertal"]
[BlackTeam "Schachclub MPOE Maria Saal"]

1.d4 Nf6 2.c4 g6 3.Nc3 d5 4.cxd5 Nxd5 5.e4 Nxc3 6.bxc3 Bg7 7.Nf3 c5 8.Rb1 O-O 9.Be2
cxd4 10.cxd4 Qa5+ 11.Bd2 Qxa2 12.O-O b6 13.Re1 Ba6 14.Bg5 Re8 15.Ra1 Bxe2 16.Rxe2
Qe6 17.d5 Qd7 18.e5 Qb7 19.Ra4 Nd7 20.Rh4 e6 21.d6 Rec8 22.Bh6 Bh8 23.Qd2 Rc5 24.Qf4
Qa6 25.Re1 Nxe5 26.Nxe5 Rxe5 27.Rc1 Qd3 28.Qc4 Qxd6 29.Bf4 Rd8 30.Bxe5 Bxe5 31.g3
Bd4 32.Qc7 a5 33.Qxd6 Rxd6 34.Rc8+ Kg7 35.Ra8 Bc5 36.Rf4 e5 37.Re4 Rd2 38.Rxe5 Bxf2+
39.Kf1 Bc5 40.Re2 Rd4 41.Ra7 Rd1+ 42.Kg2 h5 43.Kf3 Kf6 44.Rc2 g5 45.Ke2 Rh1 46.Kd3
Kg6 47.Ra8 Rd1+ 48.Rd2 Rxd2+ 49.Kxd2 Kf5 50.h3 Bf2 51.Ke2 Bxg3 52.Ra6 Bc7 53.Ra7 Bd6
54.Rxf7+ Ke4 55.Rh7 h4 56.Rg7 Kf4 57.Rf7+ Kg3 58.Rg7 Bf4 59.Rb7 Kxh3 60.Rxb6 Kg2 0-1

[Event "1. Bundesliga 2014/2015"]
[Site "Feffernitz, St. Veit/Glan, Mayrhofen"]
[Date "2015.03.21"]
[Round "11"]
[Board "2"]
[White "Predojevic, Borki"]
[Black "Lanka, Zigurds"]
[Result "1/2-1/2"]
[WhiteElo "2618"]
[BlackElo "2422"]
[PlyCount "61"]
[EventDate "2014.11.20"]
[EventType "team"]
[EventRounds "11"]
[EventCountry "AUT"]
[WhiteTeam "Schachclub MPOE Maria Saal"]
[BlackTeam "Mayrhofen/SK Zell/Zillertal"]

1.Nf3 Nf6 2.c4 c5 3.Nc3 g6 4.g3 Bg7 5.Bg2 O-O 6.O-O d5 7.cxd5 Nxd5 8.Qa4 Nc7 9.d3
Nc6 10.Ne4 Ne6 11.Be3 Ncd4 12.Nxd4 cxd4 13.Bd2 Bd7 14.Qa3 a5 15.Rfc1 b6 16.Ng5 Ra7
17.Nxe6 Bxe6 18.Rc2 h5 19.Rac1 Be5 20.Bh6 Re8 21.Bc6 Bd7 22.Qa4 Kh7 23.Bxd7 Qxd7 24.Qxd7
Rxd7 25.Bd2 Kg7 26.Rc6 Rb8 27.Kg2 Rd5 28.h3 Bd6 29.b3 f6 30.Rc8 Rxc8 31.Rxc8 1/2-1/2

[Event "1. Bundesliga 2014/2015"]
[Site "Feffernitz, St. Veit/Glan, Mayrhofen"]
[Date "2015.03.21"]
[Round "11"]
[Board "3"]
[White "Hausner, Ivan"]
[Black "Buhmann, Rainer"]
[Result "0-1"]
[WhiteElo "2332"]
[BlackElo "2583"]
[PlyCount "94"]
[EventDate "2014.11.20"]
[EventType "team"]
[EventRounds "11"]
[EventCountry "AUT"]
[WhiteTeam "Mayrhofen/SK Zell/Zillertal"]
[BlackTeam "Schachclub MPOE Maria Saal"]

1.e4 e6 2.d4 d5 3.Nd2 c5 4.Ngf3 cxd4 5.Nxd4 Nf6 6.Bd3 e5 7.N4f3 dxe4 8.Nxe4 Nxe4 9.Bxe4
Qxd1+ 10.Kxd1 Nd7 11.Re1 f6 12.Bf5 Nb6 13.Bxc8 Rxc8 14.a4 Kf7 15.a5 Nd5 16.a6 b5 17.Be3
Bc5 18.Bxc5 Rxc5 19.Re2 Rhc8 20.Ne1 b4 21.Nd3 Rc4 22.Ra5 Rd4 23.Rd2 Rd8 24.Rb5 e4
25.Rb7+ Kg6 26.Rxa7 exd3 27.Rxd3 Rxd3+ 28.cxd3 Nf4 29.Rc7 b3 30.a7 Rxd3+ 31.Ke1 Nxg2+
32.Ke2 Nf4+ 33.Ke1 Ng2+ 34.Ke2 Nf4+ 35.Ke1 Rd8 36.Rb7 Ra8 37.Kd2 Ne6 38.Kc3 Kf5 39.Kc4
Ke5 40.Kb5 Kd6 41.Kb6 Rc8 42.Rb8 Rc6+ 43.Kb7 Nc5+ 44.Ka8 Kc7 45.h4 Re6 46.Rb5 Re8+
47.Rb8 Nd7 0-1

[Event "1. Bundesliga 2014/2015"]
[Site "Feffernitz, St. Veit/Glan, Mayrhofen"]
[Date "2015.03.21"]
[Round "11"]
[Board "4"]
[White "Kreisl, Robert"]
[Black "Maiwald, Jens-Uwe"]
[Result "1/2-1/2"]
[WhiteElo "2421"]
[BlackElo "2464"]
[PlyCount "74"]
[EventDate "2014.11.20"]
[EventType "team"]
[EventRounds "11"]
[EventCountry "AUT"]
[WhiteTeam "Schachclub MPOE Maria Saal"]
[BlackTeam "Mayrhofen/SK Zell/Zillertal"]

1.d4 g6 2.e4 Bg7 3.c4 d6 4.Nc3 e5 5.Nf3 Nc6 6.Bg5 f6 7.Be3 Nh6 8.c5 Ng4 9.cxd6 cxd6
10.dxe5 Nxe3 11.fxe3 dxe5 12.Qb3 Bh6 13.Kf2 Kf8 14.Bc4 Kg7 15.Rhd1 Qe8 16.Rd6 Na5
17.Qb4 Nxc4 18.Qxc4 Rf8 19.Rad1 Rf7 20.Rd8 Qc6 21.Qxc6 bxc6 22.Na4 Rf8 23.Nc5 Kf7
24.R8d6 Re8 25.Rxc6 Bf8 26.Rc7+ Re7 27.Rc6 Bg4 28.Rdd6 Ree8 29.Rc7+ Be7 30.Ra6 Rec8
31.Rxc8 Rxc8 32.b4 Rc7 33.Ra5 Bc8 34.Nd2 a6 35.Nb1 Rc6 36.Nc3 Bd8 37.Ra4 Bb6 1/2-1/2

[Event "1. Bundesliga 2014/2015"]
[Site "Feffernitz, St. Veit/Glan, Mayrhofen"]
[Date "2015.03.21"]
[Round "11"]
[Board "5"]
[White "Platzgummer, Fabian"]
[Black "Schachinger, Mario"]
[Result "1-0"]
[WhiteElo "2332"]
[BlackElo "2432"]
[PlyCount "135"]
[EventDate "2014.11.20"]
[EventType "team"]
[EventRounds "11"]
[EventCountry "AUT"]
[WhiteTeam "Mayrhofen/SK Zell/Zillertal"]
[BlackTeam "Schachclub MPOE Maria Saal"]

1.Nf3 Nf6 2.g3 g6 3.b3 Bg7 4.Bb2 O-O 5.c4 c5 6.Bg2 Nc6 7.O-O d6 8.Nc3 Bd7 9.d4 Nxd4
10.Nxd4 cxd4 11.Qxd4 Bc6 12.Nd5 Nh5 13.Qd2 Bxb2 14.Qxb2 Bxd5 15.Bxd5 Rb8 16.h4 Nf6
17.Bf3 Qa5 18.Rfd1 Rfc8 19.h5 Qg5 20.hxg6 hxg6 21.Kg2 b5 22.cxb5 Rxb5 23.Rac1 Rbc5
24.Rxc5 Qxc5 25.b4 Qc3 26.Rd2 Kf8 27.b5 Qxb2 28.Rxb2 Rc3 29.Kf1 Rc1+ 30.Kg2 Nd7 31.Rb3
Ne5 32.Ra3 Rc7 33.Ra6 Ke8 34.Ba8 Kd8 35.Ra4 e6 36.f4 Nd7 37.Bc6 Nc5 38.Rc4 a6 39.a4
Rc8 40.e4 Kc7 41.e5 axb5 42.axb5 Rd8 43.exd6+ Kxd6 44.Rc1 Rc8 45.Ra1 Rc7 46.Ra8 Re7
47.Bf3 Nd7 48.Rc8 Nf6 49.Rc6+ Kd7 50.b6 Kd8 51.Rc5 Nd5 52.Bxd5 exd5 53.Rxd5+ Kc8 54.Rd6
Kb7 55.Rf6 Ka6 56.Kf3 Kb5 57.Kg4 Kc5 58.Kg5 Kd5 59.Kh6 Rb7 60.g4 Ke4 61.g5 Kf3 62.Kg7
Kg4 63.Kf8 Kh5 64.Ke8 Kg4 65.Kd8 Kg3 66.Kc8 Rxb6 67.Rxb6 Kxf4 68.Rb5 1-0

[Event "1. Bundesliga 2014/2015"]
[Site "Feffernitz, St. Veit/Glan, Mayrhofen"]
[Date "2015.03.21"]
[Round "11"]
[Board "6"]
[White "Rieger, Robert"]
[Black "Kupfner, Franz"]
[Result "1/2-1/2"]
[WhiteElo "2261"]
[BlackElo "2200"]
[PlyCount "88"]
[EventDate "2014.11.20"]
[EventType "team"]
[EventRounds "11"]
[EventCountry "AUT"]
[WhiteTeam "Schachclub MPOE Maria Saal"]
[BlackTeam "Mayrhofen/SK Zell/Zillertal"]

1.e4 c5 2.Nf3 Nc6 3.d4 cxd4 4.Nxd4 Nf6 5.Nc3 d6 6.Bg5 Bd7 7.Qd2 Nxd4 8.Qxd4 h6 9.Bxf6
gxf6 10.Bc4 Rg8 11.g3 Qa5 12.O-O-O e6 13.f4 Be7 14.f5 O-O-O 15.Bb3 Kb8 16.Qe3 Rh8
17.Ne2 Qe5 18.fxe6 fxe6 19.Nf4 f5 20.Rhe1 fxe4 21.h4 Rhg8 22.Qxe4 Qxe4 23.Rxe4 Rxg3
24.Nxe6 Bxe6 25.Bxe6 Rf8 26.c3 Rf2 27.Bc4 Rg7 28.Rd2 Rf5 29.Be2 Re5 30.Red4 Kc7 31.Kc2
Rg3 32.Bd1 Rh3 33.Rc4+ Kb6 34.Rb4+ Kc7 35.Rc4+ Kb6 36.h5 a5 37.a4 d5 38.Rcd4 Kc6 39.Be2
Bc5 40.Rg4 Be3 41.Rd3 Rh2 42.Kd1 Rh1+ 43.Kc2 Rh2 44.Kd1 Rh1+ 1/2-1/2

[Event "1. Bundesliga 2014/2015"]
[Site "Feffernitz, St. Veit/Glan, Mayrhofen"]
[Date "2015.03.21"]
[Round "11"]
[Board "1"]
[White "Schneider, Ilja"]
[Black "Volokitin, Andrei"]
[Result "0-1"]
[WhiteElo "2495"]
[BlackElo "2642"]
[PlyCount "58"]
[EventDate "2014.11.20"]
[EventType "team"]
[EventRounds "11"]
[EventCountry "AUT"]
[WhiteTeam "ASVOE Wulkaprodersdorf"]
[BlackTeam "Sparkasse Jenbach"]

1.d4 Nf6 2.Bg5 e6 3.e4 h6 4.Bxf6 Qxf6 5.Nc3 d6 6.Qd2 c6 7.Nge2 e5 8.f4 exd4 9.Nxd4
g5 10.g3 gxf4 11.gxf4 Qh4+ 12.Qf2 Qxf2+ 13.Kxf2 Rg8 14.Be2 Nd7 15.Rhg1 Rxg1 16.Rxg1
Nf6 17.e5 Nd7 18.exd6 Nf6 19.Bc4 Bxd6 20.Rg7 Bc5 21.Nce2 Bf8 22.Rg1 Bg4 23.c3 Bc5
24.b4 Bb6 25.h3 Bxh3 26.Rg7 Rd8 27.Kf3 Rd7 28.Ng1 Bxd4 29.cxd4 Kf8 0-1

[Event "1. Bundesliga 2014/2015"]
[Site "Feffernitz, St. Veit/Glan, Mayrhofen"]
[Date "2015.03.21"]
[Round "11"]
[Board "2"]
[White "Nisipeanu, Liviu-Dieter"]
[Black "Antal, Gergely"]
[Result "0-1"]
[WhiteElo "2651"]
[BlackElo "2510"]
[PlyCount "68"]
[EventDate "2014.11.20"]
[EventType "team"]
[EventRounds "11"]
[EventCountry "AUT"]
[WhiteTeam "Sparkasse Jenbach"]
[BlackTeam "ASVOE Wulkaprodersdorf"]

1.e4 c6 2.d4 d5 3.e5 c5 4.Nf3 Bg4 5.c4 cxd4 6.cxd5 Qxd5 7.Nc3 Qa5 8.Bb5+ Nc6 9.Bxc6+
bxc6 10.Qxd4 Bxf3 11.gxf3 e6 12.O-O Bc5 13.Qc4 Qb4 14.Qxb4 Bxb4 15.Ne4 f5 16.Ng5 Ke7
17.Be3 h6 18.a3 hxg5 19.axb4 f4 20.Bc5+ Kf7 21.Rfd1 Nh6 22.Rd7+ Kg6 23.Rd6 Kf5 24.Rxc6
g4 25.Rxa7 gxf3 26.h3 g5 27.b5 Rag8 28.b6 g4 29.b7 gxh3+ 30.Kh1 h2 31.Ra1 Rh7 32.Rb6
Rb8 33.Bd4 Ng4 34.Ra7 Rd7 0-1